000 00477nam a2200145 4500
999 _c6176
_d6176
008 170211b xxu||||| |||| 00| 0 eng d
082 _aDPer 910.5 T69 Jan-Aug 2015 v. 1-4
100 _918658
_aHorvatič, Zala. Slovenia
245 _aSlovenia/
_cSlovenia Horvatič, Zala.
260 _aPhilippines:
_bOne Mega Group,
_c©2015.
300 _av1, page 50-51:
_biIllustrations;
_c28 cm.
500 _aTravel Now.
650 0 _918659
_aTourist trade
_zSlovenia
942 _2ddc
_cPER